LEADER 00803nam0-22002891i-450- 001 990005343480403321 005 20051005110400.0 035 $a000534348 035 $aFED01000534348 035 $a(Aleph)000534348FED01 035 $a000534348 100 $a19990604d1935----km-y0itay50------ba 101 0 $aita 105 $af-------00--- 200 1 $a<>arte Etrusca$fGiulio Quirino Giglioli 210 $aMilano$cTreves$d1935 215 $aLXXII, 95 p., 426 tav.$d33 cm 610 0 $aARTE ETRUSCA 676 $a709.375$v21$zita 700 1$aGiglioli,$bGiulio Quirino$f<1886-1957>$0191003 801 0$aIT$bUNINA$gRICA$2UNIMARC 901 $aBK 912 $a990005343480403321 952 $a709.375 GIG 1$bARCH. 6715$fFLFBC 959 $aFLFBC 996 $aArte etrusca$9175857 997 $aUNINA LEADER 01081nam0-22003851i-450- 001 990002028020403321 005 20021010 035 $a000202802 035 $aFED01000202802 035 $a(Aleph)000202802FED01 035 $a000202802 100 $a20021010d--------km-y0itay50------ba 101 0 $aita 200 1 $a<>alveare " Grattacielo" con piu' regine.$fM. Dugat 205 $a3. 210 $aAncona$cL'apicoltore d'Italia$d1947 Ristampa - Roma$cApitalia$d1979 215 $a81 p.$d21 cm 300 $aTraduzione italiana di R. Milliery e G. Adami 610 0 $aApe Regina 610 0 $aAlveare 610 0 $aApe 610 0 $aApicoltura 676 $a595.799$a638 700 1$aDugat,$bM.$086113 702 1$aAdami,$bG. 702 1$aMilliery,$bR. 801 0$aIT$bUNINA$gRICA$2UNIMARC 901 $aBK 912 $a990002028020403321 952 $a61 XIV D.5/064$b1825$fDAGEN 952 $a61 XIV D.5/064.1$b4582 (13/12/79)$fDAGEN 959 $aDAGEN 996 $aAlveare " Grattacielo" con piu' regine$9404877 997 $aUNINA DB $aING01 LEADER 01577nam 2200493Ia 450 001 9910697270503321 005 20230902161947.0 035 $a(CKB)5470000002386215 035 $a(OCoLC)645492121 035 $a(EXLCZ)995470000002386215 100 $a20100701d1994 ua 0 101 0 $aeng 135 $aurbn||||||||| 181 $ctxt$2rdacontent 182 $cc$2rdamedia 183 $acr$2rdacarrier 200 00$aAdjustable bias column end joint assembly$b[electronic resource] /$finventor, Richard E. Walsom, Harold G. Bush 205 $a[Redacted ed.] 210 1$a[Washington, DC] :$c[National Aeronautics and Space Administration],$d[1994] 215 $a1 online resource $cillustrations 225 1 $aNASA case ;$vno. LAR-14899-1 300 $aTitle from PDF title screen (NASA, viewed June 23, 2010). 410 0$aNASA case ;$vLAR-14899-1. 606 $aAdjusting$2nasat 606 $aBias$2nasat 606 $aConnectors$2nasat 606 $aCylindrical bodies$2nasat 606 $aPrestressing$2nasat 606 $aVibration$2nasat 615 7$aAdjusting. 615 7$aBias. 615 7$aConnectors. 615 7$aCylindrical bodies. 615 7$aPrestressing. 615 7$aVibration. 701 $aWallsom$b Richard E$01399500 701 $aBush$b Harold G$01399501 712 02$aUnited States.$bNational Aeronautics and Space Administration. 801 0$bGPO 801 1$bGPO 906 $aBOOK 912 $a9910697270503321 996 $aAdjustable bias column end joint assembly$93464767 997 $aUNINA